| 000 | 00000nas##2200000za#4500 |
| 001 | 9.507149 |
| 003 | CaOODSP |
| 005 | 20200325094413 |
| 007 | cr ||||||||||| |
| 008 | 150406c2000||||xxc|| p o||||f| |0eng|d |
| 040 | |aCaOODSP|beng |
| 043 | |an-cn--- |
| 086 | 1 |aPF4-7E-PDF |
| 110 | 1 |aCanada.|bCommunication Canada. |
| 245 | 10|aListening to Canadians : |h[electronic resource]|bcommunications survey |
| 260 | |aOttawa - Ontario : |bCommunication Canada |
| 310 | |aThree times a year |
| 362 | 1 |aFall 2000-- |
| 500 | |a"Communication Canada did public opinion research until it closed its operations on March 31, 2004. Among its major research projects was the Listening to Canadians survey conducted three times a year. These surveys measured Canadians' views on public policy priorities, and on how the Government of Canada serves Canadians in response to those priorities."--Government of Canada Web Archive, Communication Canada. Issues before Fall 2001 published by Canada Information Office. |
| 690 | 07|aPublic opinion|2gcpds |
| 690 | 07|aPublic opinion polls|2gcpds |
| 690 | 07|aSurveys|2gcpds |
| 775 | 08|tÀ l'écoute des Canadiens : |w(CaOODSP)9.503923 |
| 785 | 00|tListening to Canadians on the economy : |w(CaOODSP)9.507604 |